000 00643nam a22002417a 4500
003 UA-OsUOA
001 70987
007 ta
008 20100928b un ||||| |||| 00| 0 ukr d
100 _aСтельмах Я.
090 _a821.161.2-2
_bС79
942 _cBK
040 _aUA-OsUOA
_bukr
_cUA-OsUOA
_dUA-OsUOA
245 _aКохання у стилі бароко
300 _a478 с.
955 _a2
041 _aukr
080 _a821.161.2-2
020 _a978-966-8583-58-2
260 _aК.
_bСакцент Плюс
_c2009
650 7 _a82 Література. Літературознавство
_2UDC
999 _c357257
_d357257